• 首页
  • 本馆介绍
  • 公告通知
  • 最新文献
  • 馆藏检索
  • 电子资源
  • 读者导购
  • 参考咨询
  • 我的图书馆
  • 登录
  • 详细信息显示
  • 放入我的书架
  • 预约/预借图书
  • 作者相关作品
  • 分类相关作品
  • 丛书相关作品
  • 出版社相关作品

书目信息

  • 表格格式
  • 工作单格式
  • 卡片格式
题名:
儿科危重症监护与护理
    
 
作者: 祝益民 主编
分册:  
出版信息: 北京   人民卫生出版社  2017
页数: 12, 324页
开本: 27cm
丛书名:
单 册:
中图分类: R720.597
科图分类:
主题词: 小儿疾病--xiao er ji bing--险症--护理
电子资源:
ISBN: 978-7-117-24200-4
000 01526nam0 2200277 450
001 012017000221
005 20180111085443.82
010    @a978-7-117-24200-4@b精装@dCNY69.00
100    @a20170826d2017 em y0chiy0121 ea
101 0  @achi
102    @aCN@b110000
105    @aak z 000yy
106    @ar
200 1  @a儿科危重症监护与护理@Aer ke wei zhong zheng jian hu yu hu li@d= Pediatirc critical care and nursing@f祝益民主编@Fzhu yi min zhu bian@g@zeng
205    @a第2版
210    @a北京@c人民卫生出版社@d2017
215    @a12, 324页@c图@d27cm
300    @a中国医药学术原创精品 图书出版工程
330    @a在重症监护室里, 每个监护床单位都布满了各种抢救监护设备, 床头的电源插座成排, 各种导线与病人的各种管道交织。一个生命垂危的患者置于其中, 护理人员需要随时记录各种参数的变化、执行各种治疗指令、完成各项操作, 紧急情况下甚至需要一组医护人员有条不紊地进行抢救; 在一个监护病房里, 必须进行封闭式无陪制管理, 病人的接待与解释、设备的保养与使用, 所有这些都需要默契良好的医护配合, 因此培养医护人员的急救意识、保证人员专业化、抢救程序化、管理制度化是实现这一目标的关键。本书内容包括PICU医院感染的预防与控制、ICU患儿各种管道的应用、常用抢救操作技术、常见危重症的观察抢救与护理、危重病相关理论进展、常见危重症加强护理、意外事故护理及常用急救药物应用等。
510 1  @aPediatirc critical care and nursing@zeng
606 0  @a小儿疾病@Axiao er ji bing@x险症@x护理
690    @aR720.597@v5
701  0 @a祝益民@Azhu yi min@4主编
801  0 @aCN@b湖北三新@c20170826@g
905    @aBZT@dR720.597@e10=2
906    @dCNY69.00@n5@r1
    
    儿科危重症监护与护理= Pediatirc critical care and nursing/祝益民主编.-第2版.-北京:人民卫生出版社,2017
    12, 324页:图;27cm
    中国医药学术原创精品 图书出版工程
    
    ISBN 978-7-117-24200-4(精装):CNY69.00
    在重症监护室里, 每个监护床单位都布满了各种抢救监护设备, 床头的电源插座成排, 各种导线与病人的各种管道交织。一个生命垂危的患者置于其中, 护理人员需要随时记录各种参数的变化、执行各种治疗指令、完成各项操作, 紧急情况下甚至需要一组医护人员有条不紊地进行抢救; 在一个监护病房里, 必须进行封闭式无陪制管理, 病人的接待与解释、设备的保养与使用, 所有这些都需要默契良好的医护配合, 因此培养医护人员的急救意识、保证人员专业化、抢救程序化、管理制度化是实现这一目标的关键。本书内容包括PICU医院感染的预防与控制、ICU患儿各种管道的应用、常用抢救操作技术、常见危重症的观察抢救与护理、危重病相关理论进展、常见危重症加强护理、意外事故护理及常用急救药物应用等。
●
相关链接 在五车中查询图书 在当当中查询图书 在豆瓣中查询图书


正题名:儿科危重症监护与护理     索取号:R720.597/10=2         预约/预借

序号 登录号 条形码 馆藏地/架位号 状态 备注
1 841726   2000841726   第二书库/ [索取号:R720.597/10=2] 在馆    
2 841727   2000841727   第二书库/ [索取号:R720.597/10=2] 在馆    
3 841728   2000841728   第二书库/ [索取号:R720.597/10=2] 在馆    
山东省滨州职业学院图书馆 欢迎您!
大连网信软件有限公司© 版权所有